Регионална библиотека "Любен Каравелов" - Русе

Силови упражнения за средна и напреднала възраст (Запис номер 184100)

MARC детайли
000 -Лидер
Контролно поле с фиксирана дължина 01180nam a2200301 c 4500
003 - Код на организацията, давaща контролен номер
Контролно поле BLK
005 - Дата и час на последна редакция
Контролно поле 20180421000239.0
008 - Елементи от данни с фиксирана дължина
fixed length control field 180411b bul|||||r ||||||| ||bul||
010 ## - Наследен системен номер
LC control number KNG00193052000
040 ## - Източник на каталожния запис
Идентификатор на билиотеката - собственик на записа BLK
041 ## - Код за език
Код за езика на текст/звукозапис или на отделно заглавие Български
Код за езика КДБФ Български
080 ## - УДК
Текстов определител УДК Спорт. Спортни игри. Физическа култура. Вж и 613;615.82;685.6/.7; 723.8; 793.3; 794
УДК код - определител по УДК 796
УДК определител -053.8
УДК - код + определител 796-053.8
100 1# - Редна дума - Автор
Автор Добрев, Павел Ст.
Авторска отговорност първи автор
R(LIN) 343413
139 ## - Редно поле
Редна дума Добрев, Павел Ст.
Авторски знак До - Д 66
245 10 - Сведения за заглавието
Заглавие Силови упражнения за средна и напреднала възраст
Подзаглавни данни Изследване
Редно поле (дума) Павел Ст. Добрев.
257 ## - Страна на издаване
Страна на създаване/издаване България
260 ## - Област на издателските данни
-- София
Име на издателя, разпространителя и проч. Медицина и физкултура
Година на издаване 1976
Печатница Пловдив : Д. Благоев
300 ## - Физическа характеристика
Страници 164 с.
Илюстрации и др. с ил.
Размери/Мащаб 20 см
380 ## - Жанр
Жанр 793/799 Спорт
500 ## - Общи забележки
Забележка 5 101 тир.
650 #4 - Допълнително описание по предмет – тема
Основно описание – тема или топоним Вдигане на тежести [спорт]
9 (RLIN) 277020
650 #4 - Допълнително описание по предмет – тема
Основно описание – тема или топоним Старост
9 (RLIN) 172040
852 ## - Местоположение
Форматна сигнатура Цб 80985
856 4# - Електронен адрес и достъп
Електронен формат pdf - файл
Път до файла /url/
856 4# - Електронен адрес и достъп
Електронен формат pdf - файл
Път до файла /url/
942 ## - АРТИКУЛИ
Вид на библиотечния материал Книги
Скрит в OPAC Не
944 ## - СЪЗДАВАНЕ И РЕДАКЦИЯ на ЗАПИСА
Създаване/Редакция Създаване
Дата на регистрацията/редакция 14.10.2016
Служител, извършил регистрацията/редакцията Грета_Цуфелде
944 ## - СЪЗДАВАНЕ И РЕДАКЦИЯ на ЗАПИСА
Създаване/Редакция Редакция
Дата на регистрацията/редакция 14.10.2016
Служител, извършил регистрацията/редакцията Грета_Цуфелде
999 ## - СИСТЕМНИ КОНТРОЛНИ НОМЕРА
Koha biblionumber 184100
Koha biblioitemnumber 184100
Наличности
Код за отписване Код за изгубен артикул Източник на класификационната схема Код за повреда Коз за рестрикции Код за отдаване Артикулен № Име на библиотеката - собственик Име на библиотеката, в която се намира в момента Статус (Текущо местоположение) Дата на вписване в системата Местоположение - отдел Цена в лева Инвентарен номер Систематично азбучна сигнатура Баркод Номер на екземпляра Цена в евро Служебна бележка Служебен тип на артикула
  Не е изгубен Universal Decimal Classification Не е повреден без рестрикции ползва се в читалня 317909 Регионална библиотека "Любен Каравелов" Русе Регионална библиотека "Любен Каравелов" Русе Хранилище 1976-01-01 Хранилище 0.61 207353 Цб 80985 120000207353 1 0.31 N: стар фонд Дата: 01.01.1976 Книги
Изтеглен Не е изгубен Universal Decimal Classification Не е повреден без рестрикции заемане за дома 317910 Регионална библиотека "Любен Каравелов" Русе Регионална библиотека "Любен Каравелов" Русе Заемна - подръчен фонд 1976-01-01 Заемна - подръчен фонд 0.61 224163 П 796/Д 66 224163 2 0.31 N: стар фонд Дата: 01.01.1976 Книги
Vip Innovations Ltd, Rousse, Bulgaria 2025